Третий полюс (Запись № 13504766)
[ простой вид ]
| 000 -МАРКЕР | |
|---|---|
| контрольное поле | 01693nam0a2200361 4500 |
| 001 - ИДЕНТИФИКАТОР ЗАПИСИ | |
| контрольное поле | RU\NLR\BIBL_A\022627000 |
| 005 - ИДЕНТИФИКАТОР ВЕРСИИ | |
| контрольное поле | 20251215163546.0 |
| 010 ## - МЕЖДУНАРОДНЫЙ СТАНДАРТНЫЙ НОМЕР КНИГИ (ISBN) | |
| Номер (ISBN) | 978-5-6050123-7-5 |
| Тираж | 2000 |
| 021 ## - НОМЕР ГОСУДАРСТВЕННОЙ РЕГИСТРАЦИИ | |
| Код страны | российская федерация |
| Номер | КН-П-25-046254 |
| Номер Листа государственной регистраци | КН-П-25-4489 |
| 035 ## - ДРУГИЕ СИСТЕМНЫЕ НОМЕРА | |
| Идентификатор записи | (NLR Aleph) 022627000 |
| 100 ## - ДАННЫЕ ОБЩЕЙ ОБРАБОТКИ | |
| Данные общей обработки | 20250922d2024 m y0rusy50 ca |
| 101 1# - ЯЗЫК РЕСУРСА | |
| Язык текста, звукозаписи и т.д. | русский |
| Язык оригинала | английский |
| 102 ## - СТРАНА ПУБЛИКАЦИИ ИЛИ ПРОИЗВОДСТВА | |
| Страна публикации | российская федерация |
| 105 ## - ПОЛЕ КОДИРОВАННЫХ ДАННЫХ: ТЕКСТОВЫЕ МАТЕРИАЛЫ, МОНОГРАФИЧЕСКИЕ | |
| Кодированные данные о монографическом текстовом документе | ac z 001yy |
| 181 #0 - ПОЛЕ КОДИРОВАННЫХ ДАННЫХ: ВИД СОДЕРЖАНИЯ | |
| Код вида содержания (ISBD) | i3 |
| Код характеристики содержания (ISBD) | axxe |
| 182 #0 - ПОЛЕ КОДИРОВАННЫХ ДАННЫХ: ТИП СРЕДСТВА | |
| Код типа средства (ISBD) | n - непосредственное |
| 200 1# - ЗАГЛАВИЕ И СВЕДЕНИЯ ОБ ОТВЕТСТВЕННОСТИ | |
| Основное заглавие | Третий полюс |
| Сведения, относящиеся к заглавию | тайна, одержимость и смерть на Эвересте |
| Первые сведения об ответственности | Марк Синнот |
| Последующие сведения об ответственности | перевод с английского М. Моисеенковой |
| 203 ## - ВИД СОДЕРЖАНИЯ И ТИП СРЕДСТВА | |
| Вид содержания | Текст |
| Дополнительные сведения об издании | визуальный |
| Тип средства | непосредственный |
| 210 ## - ПУБЛИКАЦИЯ, РАСПРОСТРАНЕНИЕ И ДР. | |
| Место издания, распространения и т.д. | Москва |
| Имя издателя, распространителя и т. д. | Библиотека Спорт-Марафон |
| Дата издания, распространения и т.д. | 2024 |
| 215 ## - ФИЗИЧЕСКАЯ ХАРАКТЕРИСТИКА | |
| Специфическое обозначение материала и объем | 423, [1] c., [8] л. ил., цв. ил. |
| Другие сведения о физической характеристике | ил. |
| Размеры | 21 |
| 300 ## - ОБЩИЕ ПРИМЕЧАНИЯ | |
| Текст примечания | Загл. и авт. ориг.: The third pole / Mark Synnott |
| 320 ## - ПРИМЕЧАНИЯ О НАЛИЧИИ В ДОКУМЕНТЕ БИБЛИОГРАФИИ / УКАЗАТЕЛЯ | |
| Текст примечания | Алф. указ. в конце кн. |
| 454 #0 - ОРИГИНАЛ (ПЕРЕВОДА) | |
| Встроенное поле | 2001#$aThe third pole |
| -- | 700#1$aSynnott$bM.$gMark |
| 600 #1 - ИМЯ ЛИЦА КАК ПРЕДМЕТ | |
| Начальный элемент ввода | Синнот |
| Часть имени, кроме начального элемента ввода | М. |
| Расширение инициалов личного имени | Марк |
| Формальный подзаголовок | Воспоминания, записки и т.п |
| Код системы | nlr_sh2 |
| Идентификатор авторитетной/нормативной записи | RU\NLR\AUTH\6601763611 |
| 607 ## - ГЕОГРАФИЧЕСКОЕ НАИМЕНОВАНИЕ КАК ПРЕДМЕТ | |
| Географическое наименование | Джомолунгма, гора (Гималаи, горная система) |
| Тематический подзаголовок | Восхождения |
| Формальный подзаголовок | Воспоминания, записки и т.п |
| Код системы | nlr_sh1 |
| -- | nlr_sh2 |
| Идентификатор авторитетной/нормативной записи | RU\NLR\AUTH\6631437 |
| 686 1# - ИНДЕКСЫ ДРУГИХ КЛАССИФИКАЦИЙ | |
| Индекс | Ч518.23(7США)6-8Синнот |
| 686 1# - ИНДЕКСЫ ДРУГИХ КЛАССИФИКАЦИЙ | |
| Индекс | Ч518.215Джомолунгма |
| 700 #1 - ИМЯ ЛИЦА - ПЕРВИЧНАЯ ОТВЕТСТВЕННОСТЬ | |
| Начальный элемент ввода | Синнот |
| Часть имени, кроме начального элемента ввода | М. |
| Расширение инициалов личного имени | Марк |
| Идентификатор авторитетной/нормативной записи | RU\NLR\AUTH\770261231 |
| 942 ## - ДОПОЛНИТЕЛЬНЫЕ ЭЛЕМЕНТЫ ЗАПИСИ (АБИС) | |
| Тип экземпляра АБИС | Книга |
| 980 ## - КОЛЛЕКЦИЯ | |
| Название коллекции | Национальная библиография |
Нет доступных экземпляров.